Dr. S. R. Lasker Library Online Catalogue

Home      Library Home      Institutional Repository      E-Resources      MyAthens      EWU Home

Managing the clinical drug development process / (Record no. 3822)

MARC details
000 -LEADER
fixed length control field 01397cam a2200385 a 4500
001 - CONTROL NUMBER
control field 3822
003 - CONTROL NUMBER IDENTIFIER
control field BD-DhEWU
005 - DATE AND TIME OF LATEST TRANSACTION
control field 20140515174112.0
008 - FIXED-LENGTH DATA ELEMENTS--GENERAL INFORMATION
fixed length control field 041229s1992 nyua g b 001 0 eng d
020 ## - INTERNATIONAL STANDARD BOOK NUMBER
International Standard Book Number 0824785959 (alk. paper)
International Standard Book Number 9780824785956
035 ## - SYSTEM CONTROL NUMBER
System control number (OCoLC)24319810
040 ## - CATALOGING SOURCE
Original cataloging agency DNLM/DLC
Transcribing agency DLC
Modifying agency DLC
-- BD-DhEWU
Language of cataloging eng
041 ## - LANGUAGE CODE
Language code of text/sound track or separate title eng
050 00 - LIBRARY OF CONGRESS CALL NUMBER
Classification number RM301.27
Item number .C63 1992
060 ## - NATIONAL LIBRARY OF MEDICINE CALL NUMBER
Classification number W1 DR893B.51
-- QV 771 C659m
082 04 - DEWEY DECIMAL CLASSIFICATION NUMBER
Classification number 615.19
Item number COM 1992
100 1# - MAIN ENTRY--PERSONAL NAME
Personal name Cocchetto, David M.,
9 (RLIN) 8563
245 10 - TITLE STATEMENT
Title Managing the clinical drug development process /
Statement of responsibility, etc David M. Cocchetto, Ronald V. Nardi.
260 ## - PUBLICATION, DISTRIBUTION, ETC. (IMPRINT)
Place of publication, distribution, etc New York :
Name of publisher, distributor, etc Dekker,
Date of publication, distribution, etc c1992.
300 ## - PHYSICAL DESCRIPTION
Extent xiv, 217 p. :
Other physical details ill. ;
Dimensions 24 cm.
440 #0 - SERIES STATEMENT/ADDED ENTRY--TITLE
Title Drugs and the pharmaceutical sciences ;
Volume number/sequential designation v. 51
9 (RLIN) 8338
504 ## - BIBLIOGRAPHY, ETC. NOTE
Bibliography, etc Includes bibliographical references and index.
526 ## - STUDY PROGRAM INFORMATION NOTE
Program name Pharmacy
590 ## - LOCAL NOTE (RLIN)
Local note Sagar Shahanawaz
650 #0 - SUBJECT ADDED ENTRY--TOPICAL TERM
Topical term or geographic name as entry element Drug development
General subdivision Management.
9 (RLIN) 8564
Topical term or geographic name as entry element Drugs
General subdivision Research
-- Management.
9 (RLIN) 8565
Topical term or geographic name as entry element Drugs
General subdivision Effectiveness
-- Evaluation.
9 (RLIN) 8566
Topical term or geographic name as entry element Clinical Trials.
9 (RLIN) 8567
Topical term or geographic name as entry element Drug Industry
General subdivision organization & administration.
9 (RLIN) 8568
700 1# - ADDED ENTRY--PERSONAL NAME
Personal name Nardi, Ronald V.
9 (RLIN) 8569
856 ## - ELECTRONIC LOCATION AND ACCESS
Materials specified WorldCat details
Uniform Resource Identifier http://www.worldcat.org/title/managing-the-clinical-drug-development-process/oclc/24319810&referer=brief_results
942 ## - ADDED ENTRY ELEMENTS (KOHA)
Source of classification or shelving scheme Dewey Decimal Classification
Koha item type Text
Holdings
Withdrawn status Lost status Source of classification or shelving scheme Damaged status Not for loan Collection code Home library Current library Shelving location Date acquired Source of acquisition Cost, normal purchase price Total Checkouts Full call number Barcode Copy number Koha item type
    Dewey Decimal Classification   Not For Loan Non-fiction Dr. S. R. Lasker Library, EWU Dr. S. R. Lasker Library, EWU Reserve Section 29/12/2004 Parash Publishers 9000.00   615.19 COM 1992 14635 C-1 Text